Szczegóły MARC21

Barwy pieniądza /

003 -Nazwa inst., której nr kontr. jest w polu 001 [,]
    • @
    • Nazwa instytucji, której n kontrolny jest w polu 001
    • NUKAT
005 -DATA I CZAS OSTATNIEJ MODYFIKACJI [,]
    • @
    • pole kontrolne
    • 20241231090048.0
020 -Międzynarod. znormalizowany nr książki - ISBN [ , ]
    • a
    • Numer ISBN
    • 9788372247094 Find
040 -Instytucja sporządzająca opis [ , ]
    • a
    • Instytucja, która sporządziła opis (NP)
    • KIEL 010/TC
    • c
    • Instytucja, która sporządziła rekord (NP)
    • KIEL 010/TC
    • d
    • Instytucja, która zmodyfikowała rekord (P)
    • KIEL 010/TC
041 -Język dokumentu [1, ]
    • a
    • Język tekstu (P)
    • polski
    • h
    • Język tekstu oryginalnego i/lub pośredniego (P)
    • włoski
942 -Rodzaj dokumentu [ , ]
    • c
    • Rodzaj dokumentu
    • Książka
100 -Hasło główne - nazwa osobowa [1, ]
    • a
    • Nazwa osobowa (NP)
    • Santambrogio, Giovanni
    • d
    • Daty biograficzne (NP)
    • (1952- ).
    • 9
    • KHW
    • 78778
245 -Strefa tytułu i oznaczenia odpowiedzialności [1,0]
    • a
    • Tytuł
    • Barwy pieniądza / Find
    • c
    • Pozostałe elementy strefy tytułu i oznaczenia odpowiedzialności (NP)
    • Giovanni Santambrogio ; przedm. Eugenio Borgna ; [przekł. z jęz. wł. Magdalena Dutkiewicz-Litwiniuk].
246 -Wariant tytułu [1, ]
    • i
    • Tekst wyświetlany na ekranie monitora (NP)
    • Tyt. oryg.:
    • a
    • Tytuł (NP)
    • Colore dei soldi
250 -Strefa wydania [ , ]
    • a
    • Oznaczenie wydania (NP)
    • Wyd. 2.
260 -Strefa adresu wydawniczego [ , ]
    • a
    • Miejsce wydania (P)
    • Kielce :
    • b
    • Nazwa wydawcy (P)
    • Jedność,
    • c
    • Data wydania (P)
    • 2009.
300 -Strefa opisu fizycznego [ , ]
    • a
    • Określenie formy książki i/lub objętość (NP)
    • 91 s. :
    • b
    • Oznaczenie ilustracji (NP)
    • il. ;
    • c
    • Format (NP)
    • 21 cm.
336 -Typ zawartości [ , ]
    • a
    • Termin opisujący typ zawartości
    • Tekst
    • b
    • Kod określający zawartość
    • txt
    • 2
    • Źródło (terminu i kodu)
    • rdacontent
337 -Typ mediów [ , ]
    • a
    • Tryb odtwarzania
    • Bez urządzenia pośredniczącego
    • b
    • Kod typu mediów
    • n
    • 2
    • Źródło (terminu i kodu)
    • rdamedia
338 -Typ/rodzaj nośnika [ , ]
    • a
    • Hasło opisujące typ nośnika
    • Wolumin
    • b
    • Kod typu nośnika
    • nc
    • 2
    • Źródło (terminu i kodu)
    • rdacarrier
500 -Uwaga ogólna [ , ]
    • a
    • Uwaga ogólna (NP)
    • Książka ufundowana przez Narodowy Bank Polski dla uczestników XXIII Olimpiady Wiedzy Ekonomicznej.
080 -Uniwersalna Klasyfikacja Dziesiętna [ , ]
    • 2
    • Identyfikator wydania tablic
    • UDC-P058
    • 9
    • UKD
    • 6094
    • a
    • Symbol klasyfikacji
    • 75
    • b
    • Dopowiedzenie
    • Malarstwo.
    • 4
    • UKD2
    • 8111
    • x
    • Poddział wspólny
    • (4)
    • c
    • Dopowiedzenie poddz. wspólnego
    • (Europa).
    • 4
    • UKD2
    • 8507
    • x
    • Poddział wspólny
    • "14/16"
    • c
    • Dopowiedzenie poddz. wspólnego
    • Wiek XV/XVII.
080 -Uniwersalna Klasyfikacja Dziesiętna [ , ]
    • 2
    • Identyfikator wydania tablic
    • UDC-P058
    • 9
    • UKD
    • 3179
    • a
    • Symbol klasyfikacji
    • 336.74
    • b
    • Dopowiedzenie
    • Pieniądz. Waluta. Dewizy.
650 -Hasło przedmiotowe [ ,7]
    • a
    • Hasło przedmiotowe
    • Malarstwo
    • z
    • Określnik geograficzny
    • Europa
    • x
    • Określnik rzeczowy
    • tematy, motywy.
    • 2
    • Źródło terminu
    • kaba
    • 9
    • KHW
    • 387126
650 -Hasło przedmiotowe [ ,7]
    • a
    • Hasło przedmiotowe
    • Pieniądz
    • x
    • Określnik rzeczowy
    • w sztuce.
    • 2
    • Źródło terminu
    • kaba
    • 9
    • KHW
    • 387127
980 -Symbol UKD [ , ]
    • a
    • UKD
    • 75(4)"14/16":336.74
700 -Hasło dodatkowe - nazwa osobowa [1, ]
    • a
    • Nazwa osobowa (NP)
    • Borgna, Eugenio Find
    • d
    • Daty biograficzne (NP)
    • (1930- ).
    • e
    • Określenie rodzaju współpracy
    • Przedm.
    • 9
    • KHW
    • 78779
700 -Hasło dodatkowe - nazwa osobowa [1, ]
    • a
    • Nazwa osobowa (NP)
    • Dutkiewicz-Litwiniuk, Magdalena. Find
    • e
    • Określenie rodzaju współpracy
    • Tł.
    • 9
    • KHW
    • 78777
710 -Hasło dodatkowe - nazwa ciała zbiorowego [2, ]
    • a
    • Nazwa ciała zbiorowego lub nazwa geograficzna jako pierwszy element (NP)
    • Wydawnictwo Jedność.
    • 4
    • Kod relacji
    • pbl
    • 9
    • KHW
    • 61491
920 -ISBN [ , ]
    • a
    • ISBN
    • 978-83-7224-709-4 Find
Lokalizacja Data inwentaryzacji Status udost. Numer inwentarzowy
T2014-12-10-2T.18583